Responses for show #6466 - Monday, October 29, 2012

Keith Whitener game 4.

Contestants

John-Clark Levin, a writer from Ojai, California

Anne Fierro, an attorney from Fort Lee, New Jersey

Keith Whitener, a research chemist originally from Charlotte, North Carolina (whose 3-day cash winnings total $66,399)

Jeopardy! Round responses

2-LETTER RESPONSES
CASEY AT THE BAT
TV
LEWIS OR CLARK
ASIA LOVES THAT AMERICAN BRAND
DO NOT PASS "O"
(Alex: Each correct response will end in that letter of the alphabet.)
    $200 1
IQ

John-Clark
    $200 19
(John-Clark: What is first base?)

third

KeithJohn-Clark
    $200 7
Fred Flintstone

Keith
    $200 14
a heart

Keith
    $200 18
Pizza Hut

Keith
    $200 6
limbo

Anne
    $400 2
AP

John-Clark
    $400 20
(Anne: What is his cap?)

his hat

Anne
Triple Stumper
    $400 8
Food TV

Anne
    $400 15
Carl Lewis

Anne
    $400 30
(John-Clark: Who is Hugh Hefner?)

Playboy

AnneJohn-Clark
    $400 10
a hobo

Keith
    $600 3
AB

John-Clark
    $600 21
the umpire

Keith
    $600 9
Keith Olbermann

John-Clark
    $600 26
Netscape

Keith
    $600 29
Nike

John-Clark
    $600 11
a fresco

John-Clark
    $800 4
BC (British Columbia)

Keith
    $800 22
"Mighty Casey has struck out."

Keith
    $800 16
Conan O'Brien

Anne
    $800 25
electrons

John-Clark
    $800 28
Buick

Triple Stumper
    $800 12
the torso

John-Clark
    $1,000 5
pH

Keith
    $1000 23
The Examiner

Triple Stumper
    $1000 17
Six Feet Under

Anne
    $1000 24
Lewis Carroll

Keith
    $1000 27
(Anne: What is Dunkin' Donuts?)

Krispy Kreme

KeithAnne
    $1000 13
a salvo

John-Clark

Scores at the first commercial break (after clue 15):

Keith Anne John-Clark
$2,600 $1,000 $4,200

Scores at the end of the Jeopardy! Round:

Keith Anne John-Clark
$7,000 $1,800 $5,000

Double Jeopardy! Round responses

GEOGRAPHIC TERMS
IT'S A FACT
CIVIL WAR NAMES
FOREIGN WORDS & PHRASES
ART & MYTHOLOGY
HELLO, CLEVELAND!
    $400 2
a sand dune

John-Clark
    $400 23
(John-Clark: What is 60?)

48

KeithJohn-Clark
    $400 15
Sherman

Keith
    $400 29
Eureka

Keith
    $400 1
Venus

Keith
    $400 30
(Bruce) Springsteen

Keith
    $800 3
(Anne: What is a barrier reef?)

an atoll

KeithAnne
    $800 27
Mark

Keith
    $800 14
(George) Pickett

John-Clark
    $800 22
enfant terrible

John-Clark
    $800 6
centaurs

John-Clark
    $800 28
Pink Floyd

Keith
    $1200 4
percolation

Keith
    $1200 26
Riga

John-Clark
    $4,000 9
(Keith: Who was Sherman?)

Stonewall Jackson

Keith
    $1200 21
glasnost

Anne
    $1200 5
Primavera

Anne
    $1200 19
Spinal Tap

John-Clark
    $1600 7
the Antarctic Circle

John-Clark
    $1600 25
Scott Walker

Keith
    $1600 12
(John-Clark: Who is Anderson?)

Abner Doubleday

AnneJohn-Clark
    $1600 20
sotto voce

Keith
    $5,000 10
(Keith: Who is ...)
(Alex: It's not coming?)
(Keith: ... Europa?)

Leda

Keith
    $1600 18
Hall & Oates

Anne
    $2000 8
an estuary

Keith
    $2000 24
(Alex: Good, with less than a minute to go.)

1942

John-Clark
    $2000 13
J.E.B. Stuart

John-Clark
    $2000 16
bushido

Keith
    $2000 11
(Anne: Who is Hecate?)

Medea

Anne
Triple Stumper
    $2000 17
Public Enemy

Anne

Scores at the end of the Double Jeopardy! Round:

Keith Anne John-Clark
$10,800 $6,600 $13,800

[wagering suggestions for these scores]

Final Jeopardy! Round responses

MAMMALS
AnneWhat is an elephant?
$6,599
KeithWhat is a zebra?
$10,799
John-ClarkWhat is an rhinocerous?
$13,698
a zebra

Final scores:

Keith Anne John-Clark
$21,599 $1 $102
4-day champion: $87,998 3rd place: $1,000 2nd place: $2,000

Game dynamics:

Coryat scores:

Keith Anne John-Clark
$19,800 $6,600 $13,800
25 R
(including 1 DD),
2 W
(including 2 DDs)
11 R,
4 W
18 R,
4 W

Combined Coryat: $40,200

The J! Archive is created by fans, for fans. The Jeopardy! game show and all elements thereof, including but not limited to copyright and trademark thereto, are the property of Jeopardy Productions, Inc. and are protected under law. This website is not affiliated with, sponsored by, or operated by Jeopardy Productions, Inc. Join the discussion at JBoard.tv.